Taylor Swift - Paroles Nothing New (feat. Phoebe Bridgers) - Statistiques

Statistiques générales
  • Ce quiz a été pris 44 fois
  • Le résultat moyen est 343 sur 363
Statistiques - réponses
Hint Réponse % Correct
18
100%
22?
100%
a
100%
about
100%
an
100%
and
100%
And
100%
at
100%
but
100%
But
100%
can
100%
do
100%
everything
100%
go
100%
How
100%
I
100%
I'm
100%
in
100%
is
100%
it
100%
it"
100%
it's
100%
It's
100%
know
100%
me
100%
middle
100%
new?
100%
night
100%
nothing
100%
of
100%
on
100%
out
100%
person
100%
still
100%
the
100%
The
100%
Then
100%
then
100%
this
100%
to
100%
too
100%
up
100%
up)
100%
wake
100%
(wake
100%
want
100%
what
100%
when
100%
When
100%
you
100%
17
96%
be
96%
cry
96%
down
96%
down?
96%
dream
96%
drink
96%
feel
96%
From
96%
from
96%
fun"
96%
had
96%
had)
96%
have
96%
her,
96%
I've
96%
(I've
96%
kind
96%
like
96%
much
96%
my
96%
myself
96%
only
96%
"She
96%
she
96%
she's
96%
sleep
96%
tell
96%
Couplet 1 They
96%
they
96%
think
96%
time
96%
tonight
96%
will
96%
Will
96%
young
96%
your
96%
you're
96%
actually
93%
All
93%
been
93%
crying
93%
cute
93%
fever
93%
gonna
93%
I'll
93%
long
93%
looks
93%
meet
93%
moving
93%
room
93%
room?
93%
sad,
93%
say
93%
someday
93%
who
93%
become
89%
for
89%
"Girls,
89%
happy
89%
Once
89%
once
89%
ones
89%
through
89%
way
89%
way,
89%
are
86%
Are
86%
cheeks
86%
faking
86%
got
86%
growing
86%
lost
86%
novelty?
86%
Oh,
86%
oh,
86%
oh
86%
radiance
86%
She'll
86%
she'll
86%
smiles
86%
tired
86%
whoa,
86%
did
82%
love
82%
while
82%
with
82%
youth
82%
affection?
79%
blame
79%
breaking
79%
can't
79%
else
79%
eyes
79%
fly
79%
hunt
79%
Pré-refrain Lord,
79%
sky
79%
slay
79%
someone
79%
Criticize
75%
if
75%
lights
75%
People
75%
roll
75%
we
75%
red
71%
they'll
71%
turning
71%
wonder
71%
ingénue
68%
attention?
64%
drive
64%
lose
64%
'til
64%
map
61%
miss
57%
Shoots
57%
soarin'
57%
sigh,
46%
biding
36%
Whеn
4%
Aucun quiz correspondant
Distribution des résultats
% des personnes avec chaque résultat
Percentile par nombre de réponses
Votre historique - résultats
Vous n’avez pas pris ce quiz